000 00363nam a2200169Ia 4500
001 18700
003 GE_BSU
008 181216s||||||||xx |||||||||||||| ||und||
040 _cGE_BSU
245 4 _aThe Economist.№9014. 2016
245 _b5TH-11TH
260 _bEconomist
260 _c2016
300 _a78p; il,26cm.
653 _aThe Economist
942 _cCR
999 _c51709
_d51709